| 000 -CABECERA |
| Longitud fija campo de control |
00577nas a22001697a 4500 |
| 003 - IDENTIFICADOR DEL NÚMERO DE CONTROL |
| Identificador del número de control |
OSt |
| 005 - FECHA Y HORA DE LA ÚLTIMA TRANSACCIÓN |
| Fecha y hora de la última transacción |
20231121110736.0 |
| 008 - CÓDIGOS DE INFORMACIÓN DE LONGITUD FIJA |
| Códigos de información de longitud fija |
170111c20049999xxuar w|| ||| 0 ||eng|d |
| 040 ## - FUENTE DE LA CATALOGACIÓN |
| Centro catalogador de origen |
CDMR |
| Lengua de catalogación |
cat |
| Centro transcriptor |
CDMR |
| 110 ## - PUNTO DE ACCESO PRINCIPAL-NOMBRE DE ENTIDAD CORPORATIVA |
| 9 (RLIN) |
4909 |
| Nombre de entidad corporativa o nombre de jurisdicción como elemento inicial |
Pew Research Center |
| 245 04 - MENCIÓN DE TÍTULO |
| Título |
New Habits & Media [Recurs electrònic] |
| Mención de responsabilidad, etc. |
/ Pew Research Center |
| 260 ## - PUBLICACIÓN, DISTRIBUCIÓN, ETC. (PIE DE IMPRENTA) |
| Lugar de publicación, distribución, etc. |
Washington : |
| Nombre del editor, distribuidor, etc. |
Pew Research Center, |
| Fecha de publicación, distribución, etc. |
1989 - |
| 310 ## - PERIODICIDAD ACTUAL |
| Periodicidad actual |
Anual |
| 650 #4 - PUNTO DE ACCESO ADICIONAL DE MATERIA - TÉRMINO DE MATERIA |
| Término de materia o nombre geográfico como elemento inicial |
Mitjans de comunicació de massa |
| Subdivisión geográfica |
Estats Units d'Amèrica |
| 9 (RLIN) |
3267 |
| 856 4# - LOCALIZACIÓN Y ACCESO ELECTRÓNICO |
| Identificador Uniforme del Recurso (URI) |
<a href="https://www.pewresearch.org/topic/news-habits-media/">https://www.pewresearch.org/topic/news-habits-media/</a> |
| Nota pública |
Accés lliure |
| 942 ## - ENTRADA DE ELEMENTOS AGREGADOS (KOHA) |
| Koha [por defecto] tipo de item |
Publicacions periòdiques en línia |
| Fuente de clasificaión o esquema |
|